Salvemos el planeta /

Guardado en:
Formato: Deslizar
Series:Frágil planeta tierra
Materias:
Etiquetas: Agregar Etiqueta
Sin Etiquetas, Sea el primero en etiquetar este registro!
LEADER 01100ngm a22003135g 4500
001 CEM.cems021896
008 130507b1993##################0###0#####d
005 20240919144649.0
245 0 0 |a Salvemos el planeta / 
300 |a 50'. 
490 0 |a Frágil planeta tierra 
500 |a En soporte VHS, consultar en ventanilla. 
505 0 |a Ecología. Flora y flores. Nuestra naturaleza. Desastres ambientales. Polución en el aire. El clima. La basura. Areas preservadas. Irrigación. Lluvia ácida. Agricultura. Efecto invernadero. Población y conservación. Aerosoles. 
538 |a Soporte: VHS - Norma: Pal N - Color - Grabación DRD 1993 - Hitachi=0000 
082 5 7 |. 5/TIE 
653 |a ECOLOGIA 
653 |a NATURALEZA 
653 |a MEDIO AMBIENTE 
653 |a CLIMA 
653 |a CLIMATOLOGIA 
653 |a LLUVIA ACIDA 
653 |a PLANTAS 
653 |a BASURA 
653 |a EFECTO INVERNADERO 
653 |a POLUCION 
653 |a AGRICULTURA 
653 |a NIVEL PRIMARIO 
653 |a NIVEL INICIAL 
859 |a CEMS  |b BIB. CEMS - Depto. Recursos Didacticos  |h 574.5  |i TIE  |k DRD  |p 539.12  |t Ej.1